Loading...
| Fine Arts - Classical Music | 0 | 8 | 1 | 1 | 75 | 31 | 80.50 | 0 | 2 | 0.00 | 0.00 |
| Literature - World | 0 | 6 | 0 | 1 | 60 | 60 | 79.17 | 0 | 2 | 0.00 | 0.00 |
| Fine Arts - Other | 0 | 6 | 0 | 0 | 60 | 26 | 71.83 | 2 | 5 | 0.00 | 0.00 |
| Science - Chemistry | 0 | 6 | 0 | 3 | 60 | 47 | 90.33 | 0 | 2 | 0.00 | 0.00 |
| Mythology | 0 | 4 | 0 | 2 | 40 | 65 | 107.25 | 0 | 0 | 0.00 | 0.00 |
| Literature - European | 0 | 4 | 0 | 1 | 40 | 53 | 96.25 | 1 | 1 | 0.00 | 0.00 |
| Literature - British | 0 | 3 | 0 | 0 | 30 | 25 | 82.33 | 1 | 1 | 0.00 | 0.00 |
| Science - Physics | 0 | 3 | 0 | 2 | 30 | 68 | 94.33 | 0 | 0 | 0.00 | 0.00 |
| Philosophy | 0 | 3 | 0 | 0 | 30 | 55 | 86.00 | 1 | 1 | 0.00 | 0.00 |
| Literature - American | 0 | 3 | 0 | 0 | 30 | 22 | 65.67 | 1 | 1 | 0.00 | 0.00 |
| Science - Other | 0 | 2 | 0 | 1 | 20 | 80 | 96.50 | 0 | 0 | 0.00 | 0.00 |
| Painting/Sculpture | 0 | 2 | 0 | 1 | 20 | 63 | 89.00 | 0 | 0 | 0.00 | 0.00 |
| Religion | 0 | 1 | 0 | 0 | 10 | 98 | 98.00 | 0 | 0 | 0.00 | 0.00 |
| Science - Biology | 0 | 1 | 0 | 0 | 10 | 62 | 62.00 | 0 | 0 | 0.00 | 0.00 |
| History - Other | 0 | 1 | 0 | 0 | 10 | 96 | 96.00 | 0 | 0 | 0.00 | 0.00 |
| Pop Culture | 0 | 1 | 0 | 0 | 10 | 73 | 73.00 | 0 | 0 | 0.00 | 0.00 |
| History - World | 0 | 1 | 1 | 0 | 5 | 54 | 54.00 | 0 | 1 | 0.00 | 0.00 |
| History - European | 0 | 0 | 0 | 0 | 0 | 0.00 | 0 | 0 | 0.00 | 0.00 |